|
|
|
|
| LEADER |
00744nam a22002172a 4500 |
| 001 |
001329817 |
| 003 |
CZ BrMZK |
| 005 |
20130925164554.0 |
| 007 |
ta |
| 008 |
130925s1853 au er|||||||||||ger d |
| 040 |
|
|
|a BOA001
|b cze
|
| 100 |
1 |
|
|a Hopp, Friedrich,
|d 1789-1869
|7 jx20070427001
|4 aut
|
| 245 |
1 |
0 |
|a Elias Regenwurm oder: Die Verlobung auf der Parforce-Jagd :
|b Posse mit Gesang in zwei Acten /
|c Friedrich Hopp ; Musik von Julius Hopp
|
| 260 |
|
|
|a Wien :
|b Wallishausser,
|c 1853
|
| 300 |
|
|
|a 56 s.
|
| 700 |
1 |
|
|a Hopp, Julius,
|d 1819-1885
|7 jx20090130005
|4 cmp
|
| 910 |
|
|
|a BOA001
|b 2-0606.685
|
| 990 |
|
|
|a BK
|
| 993 |
|
|
|a Y
|
| 991 |
|
|
|b 201309
|
| 996 |
6 |
|
|b 2619005931
|c 2-0606.685
|l Sklad H1
|r Sklad / do 24 hodin
|n 0
|w 001364731
|u 000010
|a 1
|e BOA001
|j MZK50
|s P
|